Annual review . . . academic year /

Bibliographic Details
New Title:Texas A & M University. Career Planning and Placement Center Annual Review.
Corporate Author: Texas A & M University. Placement Office (Author)
Format: Serial
Language:English
Published: [College Station, Texas] : Texas A&M University Placement Office, -1974.
Subjects:

MARC

Tag First Indicator Second Indicator Subfields
LEADER 00000nas a2200000Ii 4500
001 in00004589525
008 220808d19uu1974txuar s0 0eng d
005 20220808175247.7
035 |a (OCoLC)on1339098973 
040 |a TXA  |b eng  |e rda  |c TXA 
035 |a (OCoLC)1339098973 
043 |a n-us-tx 
090 |a LB2343.5  |b .T94 
110 2 |a Texas A & M University.  |b Placement Office,  |e author,  |e issuing body. 
245 1 0 |a Annual review . . . academic year /  |c Placement Office. 
246 1 3 |a Texas A & M Placement Office annual review 
246 1 3 |a Placement office annual review. 
264 1 |a [College Station, Texas] :  |b Texas A&M University Placement Office,  |c -1974. 
300 |a volumes ;  |c 28 cm 
310 |a Annual 
336 |a text  |b txt  |2 rdacontent 
337 |a unmediated  |b n  |2 rdamedia 
338 |a volume  |b nc  |2 rdacarrier 
362 1 |a Ceased with: 1973/74 academic year. 
588 0 |a 1969/70: title from cover. 
588 1 |a 1973/74. 
610 2 0 |a Texas A & M University  |x Alumni and alumnae  |x Employment  |v Periodicals. 
650 0 |a College graduates  |x Employment  |z Texas  |v Periodicals. 
650 0 |a College placement services  |z Texas  |z College Station  |v Periodicals. 
785 0 0 |a Texas A & M University. Career Planning and Placement Center  |t Annual Review.  |w (OCoLC)1339099380 
994 |a Z0  |b TXA 
948 |h HELD BY TXA - 0 OTHER HOLDINGS 
999 f f |s 4da6d478-92cc-40eb-929b-2f72a9ddcd8d  |i 4da6d478-92cc-40eb-929b-2f72a9ddcd8d  |t 0 
952 f f |p noncirc  |a Texas A&M University  |b College Station  |c Cushing Memorial Library & Archives  |d Cushing: Texas A&M (Does not check out)  |t 0  |e LB2343.5 .T94  |h Library of Congress classification  |i unmediated -- volume  |l 1969/70  |m A14852920356 
952 f f |p noncirc  |a Texas A&M University  |b College Station  |c Cushing Memorial Library & Archives  |d Cushing: Texas A&M (Does not check out)  |t 0  |e LB2343.5 .T94  |h Library of Congress classification  |i unmediated -- volume  |l 1972/73  |m A14852920389 
952 f f |p noncirc  |a Texas A&M University  |b College Station  |c Cushing Memorial Library & Archives  |d Cushing: Texas A&M (Does not check out)  |t 0  |e LB2343.5 .T94  |h Library of Congress classification  |i unmediated -- volume  |l 1971/72  |m A14852920378 
952 f f |p noncirc  |a Texas A&M University  |b College Station  |c Cushing Memorial Library & Archives  |d Cushing: Texas A&M (Does not check out)  |t 0  |e LB2343.5 .T94  |h Library of Congress classification  |i unmediated -- volume  |l 1970/71  |m A14852920367 
952 f f |p noncirc  |a Texas A&M University  |b College Station  |c Cushing Memorial Library & Archives  |d Cushing: Texas A&M (Does not check out)  |t 0  |e LB2343.5 .T94  |h Library of Congress classification  |i unmediated -- volume  |l 1973/74  |m A1485292039A 
998 f f |a LB2343.5 .T94  |s 1969/70-1973/74  |t 0  |l Cushing: Texas A&M (Does not check out)